Actors who worked with Richard Linklater - Statistics

General Stats
  • This quiz has been taken 37 times
  • The average score is 17 of 65
Answer Stats
Films Answer % Correct
School of Rock, Apollo 10: A Space Age Childhood, Bernie Jack Black
96%
Before Sunrise, Before Sunset, Before Midnight, Boyhood, Waking Life, Tape, Fast Food Nation, The Newton Boys Ethan Hawke
93%
Dazed and Confused, Bernie, The Newton Boys Matthew McConaughey
75%
School of Rock Joan Cusack
64%
Before Sunrise, Before Sunset, Before Midnight, Waking Life Julie Delpy
54%
School of Rock Sarah Silverman
54%
Dazed and Confused Ben Affleck
50%
Where'd You Go, Bernadette Cate Blanchett
50%
Boyhood, Fast Food Nation Patricia Arquette
50%
A Scanner Darkly Keanu Reeves
46%
Everybody Wants Some!, Apollo 10: A Space Age Childhood, Fast Food Nation Glen Powell
43%
School of Rock Miranda Cosgrove
43%
A Scanner Darkly Winona Ryder
39%
A Scanner Darkly Woody Harrelson
36%
Last Flag Flying Bryan Cranston
32%
Where'd You Go, Bernadette, Last Flag Flying Laurence Fishburne
32%
Dazed and Confused Milla Jovovich
32%
A Scanner Darkly Robert Downey Jr.
32%
Last Flag Flying Steve Carell
32%
Bad News Bears Billy Bob Thornton
29%
School of Rock Mike White
29%
Me and Orson Welles Zac Efron
29%
Dazed and Confused Adam Goldberg
25%
Everybody Wants Some! Blake Jenner
25%
Boyhood, Waking Life Lorelei Linklater
25%
Dazed and Confused, SubUrbia Parker Posey
25%
Everybody Wants Some! Zoey Deutch
25%
Fast Food Nation Ashley Johnson
21%
Where'd You Go, Bernadette Billy Crudup
21%
Fast Food Nation Bruce Willis
21%
Boyhood, Fast Food Nation Ellar Coltrane
21%
Where'd You Go, Bernadette Kristen Wiig
21%
Fast Food Nation Paul Dano
21%
Fast Food Nation Avril Lavigne
18%
Fast Food Nation Bobby Cannavale
18%
Me and Orson Welles Claire Danes
18%
Dazed and Confused Joey Lauren Adams
18%
Apollo 10: A Space Age Childhood Josh Wiggins
18%
Bernie Shirley MacLaine
18%
Tape Uma Thurman
18%
Apollo 10: A Space Age Childhood Zachary Levi
18%
Waking Life Alex Jones
14%
Fast Food Nation Catalina Sandino Moreno
14%
Me and Orson Welles Christian McKay
14%
SubUrbia Giovanni Ribisi
14%
Fast Food Nation, Bad News Bears Greg Kinnear
14%
Dazed and Confused Jason London
14%
Fast Food Nation Kris Kristofferson
14%
Fast Food Nation Luis Guzmán
14%
Everybody Wants Some! Ryan Guzman
14%
SubUrbia Steve Zahn
14%
Everybody Wants Some! Tyler Hoechlin
14%
Everybody Wants Some! Wyatt Russell
14%
Fast Food Nation Esai Morales
11%
Bad News Bears Marcia Gay Harden
11%
Tape Robert Sean Leonard
11%
Dazed and Confused, A Scanner Darkly Rory Cochrane
11%
The Newton Boys Vincent D'Onofrio
11%
Fast Food Nation Wilmer Valderrama
11%
Me and Orson Welles Zoe Kazan
11%
Where'd You Go, Bernadette Emma Nelson
7%
Me and Orson Welles Imogen Poots
7%
Waking Life Steven Soderbergh
7%
Where'd You Go, Bernadette Troian Bellisario
7%
Apollo 10: A Space Age Childhood Milo Coy
4%
No matching quizzes found
Score Distribution
Percent of People with Each Score
Percentile by Number Answered
Your Score History
You have not taken this quiz